000 00514 a2200169 4500
999 _c8416
_d8416
020 _a9781786484956
050 _aQH 540 GAL 2017
100 _aGalfard, Christophe
_eauthor
245 _aHow to understand E=mcø
_cChristophe Galfard
264 _aLondon :
_bQuercus
_c2017
300 _a56p. :
_bill.
500 _aIncludes bibliographical references
650 _aEinstein, Albert, -- 1879-1955.
650 _a Relativity (Physics)
650 _aEquivalence principle (Physics)
942 _2lcc
_cBK
_h540
_iGAL
_kQH